00424 2200157 4500001002100000005001500021035002000036245008300056100001500139300002600154260003000180082000800210084001400218020002200232990001200254INLIS00000000000304120250919072752 a0010-09250003881 aThe Love Is ( Not ) Blue :bBenarkah Cinta Menunggumu Di Seoul ? /cVivi Imutz0 aVivi Imutz a300 hlm ;c13 x 19 cm aYogyakarta :bGaca,c2013 a813 a813 VIV t a978-602-255-384-7 a0755594